000 00709nam a22002177a 4500
003 OSt
005 20260119054759.0
008 260119b |||||||| |||| 00| 0 eng d
020 _a981-243-475-5
040 _aDWCL-Main lib.
_cOC
082 _23rd ed.
_aCirc. 657.0285 H143a 2001
100 _aHall, James A.
245 _aAccounting information systems/
_cJames A. Hall
250 _a3rd ed.
260 _aAustralia :
_bSouth-Western/Thomson Learning
300 _axxvi, 901 p. ;
_c 25 cm.
504 _aIncludes glossary and index
650 _a1. Accounting - Data processing
650 _a2. Information storage and retrieval systems - Accounting
942 _2ddc
_cBK-CIRC
_e3rd ed.
_hCirc.
_n0
999 _c7538
_d7538